01413naa a22003497a 4500001001000000003000900010005001700019007000300036008003400039040005400073041000900127072002000136090001800156100001800174100001700192100001400209111008000223245019200303260003500495500011200530650001000642650001200652650001300664650001200677650002500689650002200714773010900736909003600845942001400881999001900895952014900914BR8104340BR-BrBNA20240918174753.0ta230509b bl.||||| |||| 00| 0 por d aBR-BrBNAbporcBiblioteca Nacional de Agricultura a(Pt) aH20b0150bG514 aH20 BR81043401 aRibeiro, A.S.1 aTerres, A.L.1 aGalli, J.1 a11. Reuniao da Cultura do Arroz IrrigadocPelotas, RS (Brazil)d15 Sep 19811 aViveiros internacionais com genotipos portadores de fontes de resistencia a brusone (VIPAL-80 e VERAL-80)[Arroz irrigado; Oryza sativa; Pyricularia oryzae Cav.; Rio Grande do Sul; Brasil]3 aPelotas, RS (Brasil): c1981.  aAnais da 11. Reuniao da Cultura do Arroz Irrigado Pelotas, RS (Brasil): 1981. p. 279-282 (BR8104340-AM)H20  aARROZ aBRUSONE aGENOTIPO aVIVEIRO aVARIEDADE RESISTENTE aRIO GRANDE DO SUL0 tAnais da 11. Reuniao da Cultura do Arroz IrrigadowH20 BR8104340gPelotas, RS (Brasil), 1981. p. 279-282 a202404bLuciac55dLucia Elande cAM2AGRIS c313462d313462 002AGRIS40708Acervo Gerala41918b41918cAgrobasel0o0150 BR8102953r2024-05-20t01yAM10d2024-04-11ePortaria Interministerial nÂș 164/94